00469nam a2200157 a 4500008004100000020001500041050002000056100001900076245004700095260003600142300002000178350000900198650004500207650004100252700001800293120416s1986 ||||||||||||||||| || u a0908306024 aNA 1596.6R5 Jac aJackson, Peter10aHistorical buildings of Harare (1890-1940) aHarare:bQuest Publishingc1986 ax, 134p. : ill. a0.00 aARCHITECTURE--ZIMBABWE--HARARE--CATALOGS aARCHITECTURE--UNITED STATES--HISTORY aLassen, Neils